Information is the key (Record no. 75129)

MARC details
000 -LEADER
fixed length control field 00728cab a2200181 4500
001 - CONTROL NUMBER
control field L129499
008 - FIXED-LENGTH DATA ELEMENTS--GENERAL INFORMATION
fixed length control field 050425n2005 000 0 eng u
035 ## - SYSTEM CONTROL NUMBER
System control number (Sirsi) u129499
041 ## - LANGUAGE CODE
Language code of text/sound track or separate title eng
100 ## - MAIN ENTRY--PERSONAL NAME
Personal name Sanderson, Paul
245 ## - TITLE STATEMENT
Title Information is the key
260 ## - PUBLICATION, DISTRIBUTION, ETC.
Date of publication, distribution, etc. 2005
490 ## - SERIES STATEMENT
Series statement Estates Gazette
Volume/sequential designation (0515) 16 April 2005, 119-119(2)
520 ## - SUMMARY, ETC.
Summary, etc. First part of a two-part feature based on a conference organised by RICS West Midlands CPD Foundation and Advantage West Midlands. Highlights how the Valuation Office Agency implemented the 2005 revaluation. Includes statistics and how the new system works.
590 ## - LOCAL NOTE (RLIN)
Local note IKA290405
690 ## - LOCAL SUBJECT ADDED ENTRY--TOPICAL TERM (OCLC, RLIN)
Topical term or geographic name as entry element PROPERTY-COMMERCIAL PROPERTY-COMMERCIAL PROPERTY MARKET
942 ## - ADDED ENTRY ELEMENTS (KOHA)
Suppress in OPAC 0
Holdings
Withdrawn status Lost status Source of classification or shelving scheme Damaged status Not for loan Home library Current library Shelving location Date acquired Total Checkouts Full call number Barcode Date last seen Copy number Price effective from Koha item type
    Dewey Decimal Classification     London London Journal article 25/04/2005   L129499 129499-1001 06/08/2019 1 06/08/2019 Journal article